[Event "Arber op 6th"]
[Site "Bodenmais"]
[Date "2017.08.02"]
[Round "5"]
[White "Tuna, Baytun"]
[Black "Schoppe, Gottfried"]
[Result "1/2-1/2"]
[WhiteElo "1806"]
[BlackElo "1580"]
[PlyCount "113"]
[EventDate "2017.07.29"]
[EventType "swiss"]
[EventRounds "9"]
[EventCountry "GER"]
[SourceTitle "CBM 179 Extra"]
[Source "ChessBase"]
[SourceDate "2017.08.23"]
[SourceVersion "1"]
[SourceVersionDate "2017.08.23"]
[SourceQuality "1"]

1. e4 e5 2. Nf3 Nc6 3. Bc4 Nf6 4. 0-0 Bc5 5. d3 0-0 6. c3 d5 7. exd5 Nxd5 8. a4 a5 9. Re1 Re8 10. Qb3 Be6 11. Bg5 Qd6 12. Nbd2 Nf4 13. Ne4 Bxc4 14. Qxc4 Qxd3 15. Qxc5 Ne2+ 16. Kh1 Qxe4 17. Qb5 Nxc3 18. bxc3 Qg6 19. Be3 b6 20. Rad1 e4 21. Nd4 Ne5 22. Bf4 f6 23. Qd5+ Qf7 24. Qxf7+ Kxf7 25. Nb5 Rac8 26. Rxe4 Nd3 27. Rxe8 Rxe8 28. Be3 Rxe3 29. Kg1 Re1+ 30. Rxe1 Nxe1 31. Kf1 Nd3 32. Nxc7 Nc5 33. Nd5 Nxa4 34. c4 Ke6 35. Ke2 Kd6 36. Kd3 b5 37. Kd4 bxc4 38. Kxc4 Nc5 39. Nf4 a4 40. Nh5 a3 41. Kc3 Ne4+ 42. Kb3 g6 43. Nf4 Nxf2 44. Kxa3 Ke5 45. Ne2 g5 46. Kb3 Nd3 47. Kc3 Nf4 48. Nxf4 Kxf4 49. Kd3 h5 50. Ke2 h4 51. Kf2 f5 52. g3+ hxg3+ 53. hxg3+ Kg4 54. Kg2 f4 55. gxf4 gxf4 56. Kf2 f3 57. Kf1 1/2-1/2

[Event "Arber op 6th"]
[Site "Bodenmais"]
[Date "2017.08.01"]
[Round "4"]
[White "Kronschnabl, Matthias"]
[Black "Tuna, Baytun"]
[Result "1-0"]
[WhiteElo "1694"]
[BlackElo "1806"]
[PlyCount "41"]
[EventDate "2017.07.29"]
[EventType "swiss"]
[EventRounds "9"]
[EventCountry "GER"]
[SourceTitle "CBM 179 Extra"]
[Source "ChessBase"]
[SourceDate "2017.08.23"]
[SourceVersion "1"]
[SourceVersionDate "2017.08.23"]
[SourceQuality "1"]

1. e4 e5 2. Nf3 Nc6 3. Bb5 Bc5 4. 0-0 d5 5. c3 Bd7 6. d4 exd4 7. cxd4 Bb6 8. Nc3 h6 9. Re1 Nge7 10. Be3 0-0 11. Qd2 Kh7 12. Bd3 Ng6 13. Nxd5 f5 14. Qc2 Nce7 15. Nxe7 Nxe7 16. exf5 Kh8 17. Nh4 Bc6 18. Bxh6 gxh6 19. Rxe7 Rf6 20. Rae1 Bxd4 21. Ng6+ 1-0

[Event "Arber op 6th"]
[Site "Bodenmais"]
[Date "2017.07.29"]
[Round "1"]
[White "Tuna, Baytun"]
[Black "Milov, Leonid"]
[Result "0-1"]
[WhiteElo "1806"]
[BlackElo "2444"]
[PlyCount "44"]
[EventDate "2017.07.29"]
[EventType "swiss"]
[EventRounds "9"]
[EventCountry "GER"]
[SourceTitle "CBM 179 Extra"]
[Source "ChessBase"]
[SourceDate "2017.08.23"]
[SourceVersion "1"]
[SourceVersionDate "2017.08.23"]
[SourceQuality "1"]

1. e4 c5 2. Nf3 e6 3. d4 cxd4 4. Nxd4 Nc6 5. Nc3 Qc7 6. Be2 a6 7. 0-0 Nf6 8. f4 Nxd4 9. Kh1 Nxe2 10. Qxe2 d6 11. f5 Be7 12. Be3 b5 13. fxe6 Bxe6 14. Bf4 0-0 15. Qd2 Rac8 16. Rac1 Qc4 17. Bxd6 Bxd6 18. Qxd6 b4 19. Nd5 Nxd5 20. exd5 Rfd8 21. Qg3 Rxd5 22. b3 Qc3 0-1